Statistics for 20 Most Populated American Cities in 1850 - On A Map

Click here to take the quiz!

General Stats

  • This quiz has been taken 113 times
  • The average score is 16 of 20

Answers on the Map

Answers color-coded by a green-red scale on the quiz's map according to % correct below.
 

Answer Stats

City% Correct
New York City
99%
Mexico City
98%
Boston
96%
Havana
96%
Rio de Janeiro
96%
Philadelphia
93%
Buenos Aires
92%
Toronto
92%
Lima
91%
New Orleans
91%
Bogota
89%
Montreal
89%
Santiago
89%
Guadalajara
74%
Recife
62%
Cincinnati
58%
Salvador
58%
Belem
49%
Puebla
46%
Ouro-Preto
4%

Score Distribution

Percentile by Number Answered

Percent of People with Each Score

Your Score History

You have not taken this quiz